000 00631nam a22002057a 4500
999 _c15215
_d15215
003 AR-CdUCM
008 190426b ||||| |||| 00| 0 spa d
020 _a978-968-15-2127-1
040 _aMUNICIPALIDAD PROVINCIAL DEL CUSCO
_cBIBLIOTECA MUNICIPAL DEL CUSCO
082 _aPi / 376.1 /
_bT73
100 _aTorres Pacheco, Josefina
_934246
245 _aDichos y refranes para los pequeños /
260 _aMéxico :
_bMexicanos unidos,
_c2010.
300 _a95 páginas ;
_c21 cm.
650 _aPara aprender
_934247
650 _aDibujo
_913086
650 _aInfancia
_95236
942 _2ddc
_cLIBROS
945 _arah
_d26/04/2019